Datum a čas kvízu
28.5
Celkem bodů
Celkový počet nahraných bodů na tomto kvízu bez doplňovacích otázek.
5.
Pořadí na kvízu
Konečné umístění týmu na tomto kvízu.
Zaznamenané odpovědi
| # | Otázka | Odpověď | Body | Výsledky |
|---|---|---|---|---|
| 1. | Novým místopředsedou sněmovny... | Aleš Juchelka | 1 | |
| 2. | Který nezvaný živočich přeruši... | B) šváb | 1 | |
| 3. | Minulý týden jsme se dozvěděli... | Tereza Pergnerová | 1 | |
| 4. | V pondělí jsme se dozvěděli o... | Dagmar Havlová | 1 | |
| 5. | Z pondělí na úterý se konalo f... | Florida Panthers, Edmonton Oilers | 1 | |
| 6. | Dobytek se tradičně rozděloval... | brav | 0 | |
| 7. | Jak se jmenuje zobrazené asijs... | kašmírská koza | 1 | |
| 8. | Které z následujících tvrzení... | B | 1 | |
| 9. | Jak se jmenuje člověkem vyhube... | pratur | 0 | |
| 10. | Zvířata, která mají vlnu, vylu... | lanolin | 0 |